Представление документа в формате MARC21

Поле Инд. ПП Название Значение
Тип записи a
Библиографический уровень m
001 Контрольный номер ff0663ce-494b-4bef-a5cf-1f544fd3603d
005 Дата корректировки 20140703174329.1
008 Кодируемые данные 081216
020 c Цена, тираж 70.00
040 a Служба первич. каталог. НБ ТвГУ
041 a Код языка текста rus
080 a Индекс УДК 597.31
084 a Индекс другой классификации/Индекс ББК Е693.321
a Индекс другой классификации/Индекс ББК П729.8
090 a Полочн. индекс Е693.3
x Авторский знак М 15
100 1_ a Автор Мак-Кормик Гарольд
q Полное имя Мак-Кормик Г.
245 00 a Заглавие Тени в море
b Продолж. заглавия акулы и скаты
c Ответственность [сокр. пер. с англ. Г. А. Островской ; отв. ред. и авт. примеч. Л. С. Гликман]
250 a Основные сведения об издании 2-е изд.
260 0_ a Место издания Ленинград
b Издательство Гидрометеоиздат
c Дата издания 1971
300 a Объем 293, [2] с.
b Иллюстрации/ тип воспроизводства ил.
583 a Действие Получение впервые 313 15.12.2008
k Исполнитель действия Дар Семенова А. Н.
650 a Основная рубрика Зоология
650 14 a Основная рубрика Акулы
650 14 a Основная рубрика Скаты
653 a Ключевые слова Акулы
a Ключевые слова Скаты
666 a К р
700 a Другие авторы Аллен Том
q Полное имя Аллен, Т.
700 1_ a Другие авторы Янг Вильям
q Полное имя Янг, В.
700 1_ a Другие авторы Островская Г. А.
e Роль лиц пер.
700 1_ a Другие авторы Гликман Леонид Сергеевич
e Роль лиц отв. ред., авт. примеч.
863 t 0186690
888 a Бесплатные
901 t Тип документа m
920 a Оператор Густ
952 p 313.2008 70.00 1 924667
954 a Дата поступления на обработку 20090701
a Дата поступления на обработку 2008